[Event "Challenge"]
[Site "http://www.queenalice.com/game.php?id=251996"]
[Date "2007.8.7"]
[Round "-"]
[White "Desafiado"]
[Black "robertolanger"]
[Result "1-0"]
[WhiteElo "1268"]
[BlackElo "1396"]

1. e4 e6 2. e5 Qg5 3. d4 Qh4 4. Nf3 Qe4+ 5. Be3 d5 6. Bd3 Qg4 7. g3 Bb4+ 8. c3
Be7 9. h3 Qh5 10. g4 Qh4 11. Nxh4 Bxh4 12. g5 g6 13. Qg4 Nc6 14. Qxh4 h5 15.
gxh6 Nxh6 16. Bxh6 Bd7 17. Na3 Na5 18. Qg5 Nc6 19. Nb5 Rc8 20. Bg7 Rg8 21. Qf6
Ne7 22. Nxa7 Ra8 23. Bb5 Rxa7 24. Bxd7+ Kd8 25. Bb5 c6 26. Bd3 b5 27. a3 Ke8 28.
h4 b4 29. cxb4 Kd7 30. Qxf7 Ra4 31. Rh3 c5 32. dxc5 Rc8 33. Bb5+ Kd8 34. Bf6 Ra7
35. Qf8+ Kc7 36. Qxe7+ Kb8 37. Qd6+ Rac7 38. Qxe6 Kb7 39. Qxd5+ Kb8 40. e6 Rb7
41. Ba6 Rcc7 42. Bxb7 Rxb7 43. Be5+ Ka7 44. c6 Rb6 45. Qc5 Ka6 46. c7 Rxe6 47.
Qc4+ Kb6 48. c8=Q Rxe5+ 49. Kf1 Rb5 50. Q4c7# 1-0

[Event "Challenge2"]
[Site "http://www.queenalice.com/game.php?id=253900"]
[Date "2007.8.10"]
[Round "-"]
[White "Desafiado"]
[Black "Alice"]
[Result "1-0"]
[WhiteElo "1344"]
[BlackElo "1228"]

1. e4 e6 2. e5 Nc6 3. Nf3 g6 4. c3 Bg7 5. d4 Nge7 6. Bd3 d6 7. O-O dxe5 8. dxe5
Bxe5 9. Bb5 a6 10. Qxd8+ Kxd8 11. Bxc6 Nxc6 12. Nxe5 Nxe5 13. Bg5+ Kd7 14. Bf6
Rg8 15. Bxe5 a5 16. Rd1+ Ke8 17. Na3 Ra6 18. Bxc7 Rc6 19. Rd8+ Ke7 20. Rxg8 Rxc7
21. Rd1 Rc5 22. Rdd8 Re5 23. Rd1 Bd7 24. Nc4 Re4 25. Nxa5 Ba4 26. Rc1 f6 27. Rb8
Re5 28. Rxb7+ Kd6 29. Nc4+ Kc6 30. Rxh7 Rd5 31. b3 Bb5 32. Ne3 Re5 33. c4 Ba6
34. b4 f5 35. b5+ Bxb5 36. cxb5+ Kb6 37. Rb1 Rxb5 38. Rxb5+ Kxb5 39. Rh6 Kb4 40.
Rxg6 Ka3 41. Rxe6 Kxa2 42. h4 f4 43. Nd5 Kb1 44. Re2 f3 45. Re1+ Kc2 46. gxf3
Kd2 47. Kf1 Kc2 48. h5 Kd3 49. h6 Kd4 50. Nc7 Kc5 51. h7 Kd6 52. Na8 Kc6 53.
h8=Q Kb7 54. Re6 Ka7 55. Qg7+ Kxa8 56. Re8# 1-0

[Event "Challenge"]
[Site "http://www.queenalice.com/game.php?id=267814"]
[Date "2007.9.6"]
[Round "-"]
[White "Gloria"]
[Black "Desafiado"]
[Result "1-0"]
[WhiteElo "1516"]
[BlackElo "1195"]

1. e4 e5 2. d4 f6 3. dxe5 fxe5 4. Qh5+ Ke7 5. Qxe5+ Kf7 6. Bc4+ d5 7. Bxd5+ Kg6
8. Nf3 Be7 9. Be6 Bxe6 10. Qxe6+ Bf6 11. Ne5+ Kh5 12. Qg4# 1-0

[Event "Challenge"]
[Site "http://www.queenalice.com/game.php?id=270378"]
[Date "2007.9.11"]
[Round "-"]
[White "Desafiado"]
[Black "Gloria"]
[Result "0-1"]
[WhiteElo "1346"]
[BlackElo "1815"]

1. e4 c5 2. Bc4 Nc6 3. Nf3 e6 4. e5 d5 5. Bb5 Bd7 6. Bxc6 Bxc6 7. d4 Qb6 8. O-O
cxd4 9. Nxd4 Rc8 10. Nc3 Ne7 11. b3 Ng6 12. Nxc6 Qxc6 13. Qd4 Qxc3 14. Qxc3 Rxc3
15. a4 Rxc2 16. Be3 Bc5 17. Rac1 Rxc1 18. Rxc1 Bxe3 19. fxe3 Kd7 20. b4 Nxe5 21.
b5 Rc8 22. Rf1 Rc4 23. a5 Rb4 24. b6 axb6 25. axb6 Rxb6 26. h4 Rb3 27. Kf2 f5
28. Re1 Nd3+ 29. Ke2 Nxe1 30. Kxe1 Rb2 31. Kf1 e5 32. Kg1 d4 33. exd4 exd4 34.
Kh2 d3 35. Kg3 d2 36. Kf4 Ke6 37. h5 d1=Q 38. Kg5 Qg4# 0-1

[Event "Challenge11"]
[Site "http://www.queenalice.com/game.php?id=272387"]
[Date "2007.9.15"]
[Round "-"]
[White "Desafiado"]
[Black "cristiana"]
[Result "1-0"]
[WhiteElo "1127"]
[BlackElo "1487"]

1. e4 e5 2. Nf3 Nc6 3. Nc3 Bc5 4. Bc4 d6 5. d3 Nf6 6. Qe2 Ng4 7. O-O f5 8. h3
Nd4 9. Nxd4 Bxd4 10. hxg4 fxg4 11. g3 h5 12. Nd5 Be6 13. c3 Bc5 14. Ne3 Bd7 15.
b4 Bb6 16. Nd5 c6 17. Nxb6 Qxb6 18. Be3 c5 19. Rab1 h4 20. bxc5 Qc7 21. cxd6
Qxd6 22. Rxb7 Rf8 23. Rxa7 Rb8 24. Ra6 Qe7 25. Bd5 hxg3 26. fxg3 Rh8 27. Bc6 Rd8
28. Bxd7+ Rxd7 29. Qxg4 g5 30. Bxg5 Qh7 31. Ra8+ Rd8 32. Rxd8# 1-0

[Event "Challenge"]
[Site "http://www.queenalice.com/game.php?id=272390"]
[Date "2007.9.15"]
[Round "-"]
[White "klebert_jordan"]
[Black "Desafiado"]
[Result "0-1"]
[WhiteElo "1353"]
[BlackElo "1329"]

1. e3 e5 2. Nc3 d5 3. Bb5+ c6 4. Bf1 d4 5. exd4 exd4 6. Ne4 Bf5 7. Ng3 Ne7 8.
Nxf5 Nxf5 9. Qe2+ Qe7 10. Nf3 Qxe2+ 11. Bxe2 Bc5 12. b3 O-O 13. g3 Re8 14. Ng1
Na6 15. a3 Rad8 16. Kd1 Rd5 17. Nf3 Nc7 18. Re1 h6 19. Bc4 Rxe1+ 20. Kxe1 Rd7
21. Ne5 Re7 22. Bxf7+ Kf8 23. Bg6 Rxe5+ 24. Kf1 Nd6 25. b4 Bb6 26. d3 Re6 27.
Bh5 Ncb5 28. Bg4 Rg6 29. h3 Nc7 30. Bf4 Nd5 31. Re1 Nxf4 32. c4 Nxd3 33. Re6
Rxe6 34. Bxe6 Ne8 35. Ke2 Nb2 36. c5 Bc7 37. f4 Ke7 38. Bc4 Nxc4 39. Kd3 Ne3 40.
Kxd4 Nf5+ 41. Ke4 Nxg3+ 42. Kf3 Nh5 43. a4 Nxf4 44. Kg4 Nf6+ 45. Kf5 Nxh3 46.
Kg6 Kf8 47. b5 h5 48. Kf5 h4 49. Ke6 Nf2 50. bxc6 h3 51. cxb7 h2 52. b8=Q+ Bxb8
53. Kf5 h1=Q 54. a5 Qe4+ 55. Kg5 Qg4# 0-1

[Event "Challenge"]
[Site "http://www.queenalice.com/game.php?id=272528"]
[Date "2007.9.16"]
[Round "-"]
[White "Desafiado"]
[Black "klebert_jordan"]
[Result "1-0"]
[WhiteElo "1311"]
[BlackElo "1349"]

1. e4 e6 2. e5 Na6 3. Bxa6 bxa6 4. d4 Bb4+ 5. Bd2 Qe7 6. a3 Bxd2+ 7. Nxd2 Nh6 8.
Qf3 c6 9. Ne4 f5 10. Nd6+ Kd8 11. O-O-O Qg5+ 12. Kb1 Qg4 13. Qxg4 Nxg4 14. Nh3
g6 15. Nf7+ Ke8 16. Nxh8 Kf8 17. Rdf1 Kg7 18. Nxg6 Kxg6 19. Nf4+ Kh6 20. h3 Nxe5
21. dxe5 Rb8 22. g4 Kg5 23. Nd3 fxg4 24. hxg4 Kg6 25. Rh5 a5 26. Rfh1 Ba6 27.
Rxh7 Rg8 28. Nc5 Bc8 29. Rh8 Kg7 30. Rxg8+ Kxg8 31. g5 Kg7 32. Nb3 Kg6 33. f4
Kf5 34. Rf1 Ba6 35. Rf2 a4 36. Nd2 d5 37. c3 Bd3+ 38. Kc1 c5 39. b3 axb3 40.
Nxb3 c4 41. Nc5 a5 42. Kd2 Kg4 43. g6 Kg3 44. Nxd3 cxd3 45. g7 Kxf2 46. g8=Q Kf3
47. Qg5 a4 48. f5 exf5 49. Qxf5+ Kg3 50. e6 Kh4 51. e7 Kg3 52. e8=Q Kh4 53. Qg8
d4 54. Qfg4# 1-0

[Event "Challenge22"]
[Site "http://www.queenalice.com/game.php?id=272715"]
[Date "2007.9.16"]
[Round "-"]
[White "Desafiado"]
[Black "cristiana"]
[Result "1-0"]
[WhiteElo "1193"]
[BlackElo "1557"]

1. e4 e5 2. Nf3 Nc6 3. Nc3 Bc5 4. Bb5 d6 5. Bxc6+ bxc6 6. d3 f5 7. exf5 Bxf5 8.
Qe2 Qf6 9. Bg5 Qe6 10. O-O h6 11. Be3 Nf6 12. Bxc5 dxc5 13. Qxe5 Ng4 14. Qxg7
O-O-O 15. Rae1 Qf6 16. Re7 Rd7 17. Rxd7 Bxd7 18. Qxf6 Nxf6 19. Na4 Rg8 20. g3 h5
21. Nxc5 Bg4 22. Kg2 h4 23. Nxh4 Ne4 24. Nxe4 Rf8 25. f3 Bh5 26. Nc5 Bf7 27. a4
a5 28. Re1 Re8 29. Rxe8+ Bxe8 30. g4 Bf7 31. g5 Bd5 32. g6 Kb8 33. Nf5 Ka7 34.
g7 Kb6 35. Nd7+ Kb7 36. Ne7 Be6 37. Nc5+ Kb6 38. Nxe6 c5 39. g8=Q 1-0

[Event "Challenge I"]
[Site "http://www.queenalice.com/game.php?id=291256"]
[Date "2007.10.22"]
[Round "-"]
[White "Desafiado"]
[Black "Gil"]
[Result "0-1"]
[WhiteElo "1313"]
[BlackElo "2176"]

1. e4 c5 2. Bc4 e6 3. e5 Nc6 4. Nf3 d5 5. Bb5 Ne7 6. Bxc6+ Nxc6 7. d3 Qc7 8. Nc3
Nxe5 9. d4 Nc6 10. dxc5 Bxc5 11. Qe2 O-O 12. Be3 Bd6 13. O-O Ne5 14. Nxe5 Bxe5
15. g3 d4 16. Nb5 Qc5 17. Bxd4 Bxd4 18. Nxd4 Qxd4 19. c3 Qc5 20. Rad1 b6 21. c4
Ba6 22. Rc1 Rac8 23. b3 Bb7 24. Ra1 Rfd8 25. Rad1 Qc6 26. f3 Qc5+ 27. Qf2 Qxf2+
28. Kxf2 Kf8 29. Rc1 Rd2+ 30. Kg1 Rxa2 31. Rf2 Ra3 32. Rc3 b5 33. c5 b4 34. Rd3
Rxc5 35. Rfd2 Bd5 36. Kg2 Rxb3 37. Rxb3 Bxb3 38. Rd3 Ba2 39. Rd8+ Ke7 40. Ra8 a5
41. Ra7+ Kf6 42. Rd7 b3 43. g4 b2 44. g5+ Rxg5+ 45. Kf2 b1=Q 46. f4 Qc2+ 47. Ke3
Rd5 48. Ra7 Qc5+ 49. Ke4 Bb1+ 50. Kf3 Qc3+ 51. Kg4 h5+ 52. Kh4 Bf5 53. Rxf7+
Kxf7 54. h3 Qxh3+ 55. Kg5 Qg4# 0-1

[Event "Challenge II"]
[Site "http://www.queenalice.com/game.php?id=291257"]
[Date "2007.10.22"]
[Round "-"]
[White "Gil"]
[Black "Desafiado"]
[Result "1-0"]
[WhiteElo "2154"]
[BlackElo "1195"]

1. d4 d5 2. c4 dxc4 3. e4 e6 4. Bxc4 Bb4+ 5. Nc3 Bxc3+ 6. bxc3 Nf6 7. e5 Ne4 8.
Qg4 Nxc3 9. Qxg7 Ke7 10. Bg5+ Kd7 11. Qxf7+ Kc6 12. Bxd8 Bd7 13. Bf6 Be8 14.
Qxe6# 1-0

[Event "Challenge"]
[Site "http://www.queenalice.com/game.php?id=326386"]
[Date "2007.12.27"]
[Round "-"]
[White "Desafiado"]
[Black "FENIX_RJ"]
[Result "0-1"]
[WhiteElo "1398"]
[BlackElo "1575"]

1. e4 e5 2. Nf3 Nc6 3. Bb5 d5 4. Nxe5 Bd7 5. Nxd7 Qxd7 6. e5 Qf5 7. d4 O-O-O 8.
Bxc6 bxc6 9. O-O c5 10. c3 f6 11. Re1 Be7 12. exf6 Kb8 13. fxe7 Nxe7 14. dxc5
Rdf8 15. Qd2 Ng6 16. g3 Ne5 17. Qf4 Nf3+ 18. Kf1 Qd3+ 19. Re2 Rxf4 20. Bxf4
Nxh2+ 21. Ke1 Nf3+ 22. Kf1 Qf5 23. Nd2 Qh3# 0-1

[Event "Challenge"]
[Site "http://www.queenalice.com/game.php?id=328435"]
[Date "2007.12.30"]
[Round "-"]
[White "FENIX_RJ"]
[Black "Desafiado"]
[Result "0-1"]
[WhiteElo "1480"]
[BlackElo "1439"]

1. e4 e5 2. Nc3 Nf6 3. Nf3 Bb4 4. Nxe5 Bxc3 5. dxc3 Nxe4 6. Qf3 Nf6 7. Bc4 Qe7
8. Qg3 O-O 9. Bd3 Nh5 10. Qf3 Qxe5+ 11. Be3 d6 12. O-O-O Nf6 13. Bd4 Bg4 14.
Rde1 Bxf3 15. Bxe5 dxe5 16. gxf3 Nc6 17. Rhg1 Rae8 18. Rg3 Nh5 19. Rh3 g6 20.
Kd2 Nf4 21. Rh4 Ng2 22. Rh3 Nxe1 23. Kxe1 f5 24. b4 e4 25. Bc4+ Kg7 26. Ke2 Ne5
27. Bd5 exf3+ 28. Bxf3 Nxf3+ 29. Kxf3 g5 30. Rh5 g4+ 31. Kf4 Re4+ 32. Kg3 Kg6
33. Kh4 Re2 34. Rg5+ Kh6 0-1

[Event "Challenge"]
[Site "http://www.queenalice.com/game.php?id=328637"]
[Date "2007.12.31"]
[Round "-"]
[White "danniel"]
[Black "Desafiado"]
[Result "0-1"]
[WhiteElo "1390"]
[BlackElo "1365"]

1. e4 e5 2. Qf3 Nf6 3. Qf5 d6 4. Qg5 Nxe4 5. Qf4 exf4 6. d3 Nf6 7. Bxf4 Nc6 8.
Nc3 d5 9. Nb5 Bd6 10. g3 Bxf4 11. gxf4 Nb4 12. a3 Nxc2+ 13. Kd2 Nxa1 0-1

[Event "Challenge"]
[Site "http://www.queenalice.com/game.php?id=328638"]
[Date "2007.12.31"]
[Round "-"]
[White "Desafiado"]
[Black "danniel"]
[Result "1-0"]
[WhiteElo "1382"]
[BlackElo "1373"]

1. e4 e5 2. Nf3 Qf6 3. Nc3 c6 4. d3 Bb4 5. Bd2 Bxc3 6. Bxc3 d6 7. Qd2 h6 8. Be2
c5 9. O-O g5 10. b3 b5 11. b4 c4 12. dxc4 1-0

[Event "Challenge"]
[Site "http://www.queenalice.com/game.php?id=374975"]
[Date "2008.3.21"]
[Round "-"]
[White "Drica"]
[Black "Desafiado"]
[Result "0-1"]
[WhiteElo "1558"]
[BlackElo "1414"]

1. e4 e5 2. Qf3 Nf6 3. Bc4 Nc6 4. Ne2 Bc5 5. b3 d6 6. Ba3 Nd4 7. Nxd4 exd4 8.
Bxc5 dxc5 9. d3 Qe7 10. O-O Qe5 11. Nd2 Bg4 12. Qg3 Qxg3 13. fxg3 Bh5 14. a4 a5
15. Rf5 O-O-O 16. Rxc5 b6 17. Rc6 Ng4 18. Nf3 Rd6 19. Rxd6 cxd6 20. Nxd4 Ne3 21.
Ba6+ Kb8 22. Nc6+ Kc7 23. Ne7 Kd7 24. Nd5 Nxc2 25. Rc1 Nd4 26. Nxb6+ Ke7 27.
Nc8+ Ke6 28. h4 Ne2+ 29. Kf2 Nxc1 30. Bc4+ Kf6 31. Nxd6 Rb8 32. Nb5 Rd8 33. Ke3
g5 34. hxg5+ Kxg5 35. Nc3 Kg4 36. Ne2 Nxe2 37. Kxe2 Kxg3+ 38. Kf1 f6 39. Kg1 Be2
40. d4 Bxc4 41. bxc4 Rxd4 42. c5 Rd1# 0-1

[Event "Challenge"]
[Site "http://www.queenalice.com/game.php?id=374979"]
[Date "2008.3.21"]
[Round "-"]
[White "Desafiado"]
[Black "Drica"]
[Result "1-0"]
[WhiteElo "1389"]
[BlackElo "1612"]

1. e4 d6 2. Nc3 e5 3. Nf3 Nf6 4. Bc4 Nc6 5. d3 Qd7 6. Be3 Ng4 7. Qe2 Nxe3 8.
Qxe3 Nb4 9. O-O-O Be7 10. a3 a5 11. axb4 axb4 12. Nd5 b5 13. Bb3 Ra1+ 14. Kd2
Rxd1+ 15. Kxd1 Qg4 16. g3 Qh3 17. Nxc7+ Kd7 18. Nxb5 Qg2 19. Rg1 Qh3 20. Bxf7
Rf8 21. Qa7+ Kd8 22. Qc7# 1-0

[Event "Desafiado 90"]
[Site "http://www.queenalice.com/game.php?id=432212"]
[Date "2008.7.12"]
[Round "-"]
[White "m"]
[Black "Desafiado"]
[Result "1-0"]
[WhiteElo "1822"]
[BlackElo "1457"]

1. d4 d5 2. c4 Nf6 3. Nc3 Nc6 4. cxd5 Nxd5 5. e4 Nxc3 6. bxc3 e6 7. Bd3 Be7 8.
Nf3 O-O 9. Bc2 Bd7 10. O-O Na5 11. Qd3 b5 12. e5 Bc6 13. Qxh7# 1-0

[Event "Desafiado 91"]
[Site "http://www.queenalice.com/game.php?id=432213"]
[Date "2008.7.12"]
[Round "-"]
[White "Desafiado"]
[Black "m"]
[Result "0-1"]
[WhiteElo "1457"]
[BlackElo "2002"]

1. e4 c5 2. c4 e6 3. e5 Nc6 4. Nf3 Nge7 5. Nc3 Ng6 6. Bd3 Ngxe5 7. Nxe5 Nxe5 8.
Qe2 Nxd3+ 9. Qxd3 Be7 10. O-O O-O 11. Qg3 b6 12. d3 Bb7 13. Bf4 f5 14. Nb5 Rf6
15. Rae1 Rg6 16. Qe3 Rxg2+ 17. Kh1 Rxf2+ 18. Kg1 Rg2+ 19. Kh1 Rg3+ 20. Qe4 fxe4
21. Bxg3 exd3+ 22. Kg1 Bh4 23. Nd6 Bc6 24. Ne4 Bxg3 25. hxg3 Bxe4 26. Rxe4 Qg5
27. Kg2 Rf8 28. Rd1 d5 29. cxd5 Qxd5 30. Kh3 Qxe4 31. b3 Rf2 32. a4 Qf5+ 33. g4
Qf3+ 34. Kh4 Rh2+ 35. Kg5 Qf6# 0-1

[Event "Challenge"]
[Site "http://www.queenalice.com/game.php?id=459665"]
[Date "2008.9.7"]
[Round "-"]
[White "Desafiado"]
[Black "Tourinho"]
[Result "0-1"]
[WhiteElo "1457"]
[BlackElo "1612"]

1. e4 e5 2. Nf3 Nc6 3. Bb5 Nge7 4. Nc3 a6 5. Bxc6 Nxc6 6. O-O Bc5 7. d3 d6 8.
Nd5 h6 9. Qe2 Bg4 10. h3 Bh5 11. g4 Bg6 12. h4 Ne7 13. Nc3 f6 14. Be3 Bxe3 15.
Qxe3 Qd7 16. Nh2 Bf7 17. a4 Be6 18. a5 Bxg4 19. Nxg4 Qxg4+ 20. Qg3 Qxg3+ 21.
fxg3 O-O-O 22. b4 g6 23. Rxf6 Rdf8 24. Raf1 Rxf6 25. Rxf6 Kd8 26. Kh2 Ke8 27.
Na4 Rf8 28. Rxf8+ Kxf8 29. Nc3 c6 30. g4 Ng8 31. Kg3 Ne7 32. Na4 Nc8 33. Kf3 Ke7
34. c4 Kd7 35. c5 d5 36. Ke3 d4+ 0-1

[Event "Challenge"]
[Site "http://www.queenalice.com/game.php?id=561974"]
[Date "2009.3.26"]
[Round "-"]
[White "Desafiado"]
[Black "Tourinho"]
[Result "0-1"]
[WhiteElo "1447"]
[BlackElo "1684"]

1. e4 e5 2. Nf3 Nc6 3. Bb5 f6 4. Bxc6 bxc6 5. Nc3 Ba6 6. d3 Bb4 7. Bd2 Bxc3 8.
Bxc3 d5 9. Qe2 dxe4 10. Qxe4 Qd5 11. O-O Qxe4 12. dxe4 Bxf1 13. Rxf1 Ne7 14. Bb4
Nc8 15. Rd1 Ne7 16. h3 a5 17. Bc5 Rd8 18. Re1 Nc8 19. Re3 Nb6 20. Ba3 Nc4 21.
Rc3 Nxa3 22. Rxa3 Ra8 23. Nd2 O-O 24. Nc4 a4 25. Rc3 Rfd8 26. Ne3 Ra6 27. g4 g6
28. Ra3 Rd4 29. Kg2 Rxe4 30. Rd3 Rd4 31. Ra3 c5 32. c3 Rd3 33. Kf1 Rd2 34. Nc4
h6 35. Ke1 Rd8 36. f3 g5 37. Ke2 Kg7 38. Ke3 Kg6 39. Nd2 h5 40. gxh5+ Kxh5 41.
Ne4 Kg6 42. Nxc5 Raa8 43. Nxa4 Rh8 44. c4 Rxh3 45. Nc3 Rxa3 46. bxa3 g4 47. Ne4
Rxf3+ 48. Ke2 Rxa3 49. c5 Rxa2+ 50. Ke3 f5 51. Nc3 Ra3 52. Kd2 Rxc3 53. Kxc3 g3
54. c6 g2 55. Kc4 g1=Q 56. Kb5 Qb6+ 57. Kc4 e4 58. Kd5 e3 0-1

[Event "Challenge"]
[Site "http://www.queenalice.com/game.php?id=688444"]
[Date "2009.11.25"]
[Round "-"]
[White "FENIX_RJ"]
[Black "Desafiado"]
[Result "0-1"]
[WhiteElo "1472"]
[BlackElo "1440"]

1. e4 e5 2. Nf3 Nc6 3. d4 exd4 4. Nxd4 Ne5 5. f4 Ng6 6. Bc4 Nf6 7. Nf5 d6 8. e5
Bxf5 9. Nd2 Nxf4 10. O-O dxe5 11. Re1 Qd4+ 12. Kf1 Ng4 13. Bb5+ c6 14. Qf3 Nxh2#
0-1